Belgium Brand Logos! - Statistics

General Stats
  • This quiz has been taken 85 times
  • The average score is 5 of 10
Answer Stats
Picture Answer % Correct
Tintin
84%
Smurfs
81%
Stella Artois
79%
Delhaize
63%
Hoegaarden
60%
Brussels Airlines
57%
Godiva
39%
Becks
33%
Food Lion
31%
Anheuser Busch
20%
No matching quizzes found
Score Distribution
Percent of People with Each Score
Percentile by Number Answered
Your Score History
You have not taken this quiz